000 00541nam a2200193 a 4500
001 BRCA_2967
005 20190320204040.0
008 181208s1928----sp-#---###---#000-0#spa-#
050 4 _aF1234
_b.G89 1928
100 1 _aGuzman, Martin Luis
_98229
245 1 0 _aEl águila y la serpiente
_cMartin Luis Guzman.
260 _aMadrid
_bIbero-Americana de Publicaciones
_c1928
300 _a402 p.
_c20 cm.
500 _aB80
600 1 4 _aVilla, Francisco
_d1877-1923
_98230
651 4 _aMéxico
_xHistoria
_9614
902 _aGFM
942 _2lcc
_cB
999 _c2706
_d2706